Symbols and Values of Strategie Managers <A> Semiotic Approach

Enregistré dans:
Détails bibliographiques
Auteur principal: Gammberg, Henrik
Format: Livre
Langue:anglais
Publié: Helsinki Scholl of Economics 1986
Édition:1. ed.
Tags: Ajouter un tag
Pas de tags, Soyez le premier à ajouter un tag!

MARC

LEADER 00000nam a2200000 4500
001 c029799
005 20221220072959.4
041 0 |a eng 
044 |a FI 
245 1 0 |a Symbols and Values of Strategie Managers  |b <A> Semiotic Approach  |c Henrik Gammberg 
250 |a 1. ed. 
264 1 |a Helsinki  |b Scholl of Economics  |c 1986 
300 |a 218 s. 
100 1 |a Gammberg, Henrik